Tilastot visalle Kuuluisat suomalaiset - kuvavisa #5

Klikkaa tästä pelataksesi tätä visaa!

Yleistilastot

  • Tätä visaa on pelattu 338 kertaa
  • Keskiarvotulos 7 / 12

Vastaustilastot

Vastaus% Oikein
Jukka Poika
89%
Päivi Räsänen
81%
Maija Vilkkumaa
79%
Mira Luoti
76%
Tarja Turunen
71%
Jari Kurri
68%
Ville Haapasalo
66%
Sami Hyypiä
57%
Ville Virtanen
56%
Heidi Hautala
40%
Alvar Aalto
35%
Leena Lehtolainen
24%

Tulosjakauma

Persentiili vastausten määrän mukaan

Jokaisen tuloksen saaneiden osuus

Tuloshistoriasi

Et ole pelannut tätä visaa